مكتبة جامعة عجلون الوطنية

فهرس بحث المكتبة

الوثائق الهاشمية: أوراق عبدالله بن الحسين: العلاقات الأردنية - السعودية 1344-1371 هجري/ 1925-1951م، مج 10، القسم 1 (Record no. 28068)

MARC details
000 -LEADER
fixed length control field 01161nam a2200205Ii 4500
003 - CONTROL NUMBER IDENTIFIER
control field JO-AjNU
008 - FIXED-LENGTH DATA ELEMENTS--GENERAL INFORMATION
fixed length control field 230605s9999||||xx |||||||||||||| ||und||
017 ## - COPYRIGHT OR LEGAL DEPOSIT NUMBER
Copyright or legal deposit number 1997/7/943
040 ## - CATALOGING SOURCE
Original cataloging agency JO-AjNU
Language of cataloging ara
Description conventions rda
Transcribing agency JO-AjNU
041 ## - LANGUAGE CODE
Language code of text/sound track or separate title ara
050 14 - LIBRARY OF CONGRESS CALL NUMBER
Classification number DS154.53.W37 1997
100 3# - MAIN ENTRY--PERSONAL NAME
Personal name عبدالله بن الحسين ملك الاردن، 1921-1951؛ جمع وإعداد محمد عدنان البخيت، جمع وإعداد هند غسان أبو الشعر، جمع وإعداد نوفان رجا السوارية، جمع وإعداد بكر خازر المجالي,
Relator term author
9 (RLIN) 54975
245 00 - TITLE STATEMENT
Title الوثائق الهاشمية: أوراق عبدالله بن الحسين: العلاقات الأردنية - السعودية 1344-1371 هجري/ 1925-1951م، مج 10، القسم 1
264 31 - PRODUCTION, PUBLICATION, DISTRIBUTION, MANUFACTURE, AND COPYRIGHT NOTICE
Place of production, publication, distribution, manufacture المفرق: جامعة ال البيت، 1997
300 ## - PHYSICAL DESCRIPTION
Extent مج 10، القسم 1 ، 493ص
336 ## - CONTENT TYPE
Content type term text
Content type code txt
Source rdacontent
337 ## - MEDIA TYPE
Media type term unmediated
Media type code n
Source rdamedia
338 ## - CARRIER TYPE
Carrier type term volume
Carrier type code nc
Source rdacarrier
650 #4 - SUBJECT ADDED ENTRY--TOPICAL TERM
Topical term or geographic name entry element الاردن - تاريخ - عبدالله بن الحسين الاول - العلاقات الاردنية - السعودية
9 (RLIN) 54976
Holdings
Withdrawn status Lost status Source of classification or shelving scheme Damaged status Not for loan Home library Current library Shelving location Date acquired Total Checkouts Full call number Barcode Date last seen Price effective from Koha item type
    Library of Congress Classification     مكتبة جامعة عجلون الوطنية مكتبة جامعة عجلون الوطنية المجموعات العامة 06/06/2023   DS154.53.W37 1997 A24500 06/06/2023 06/06/2023 Books